La impronta indeleble de Tomás Bobadilla : (Registro nro. 8055)

Detalles MARC
000 -LIDER
fixed length control field 00924nam a2200265 a 4500
001 - NÚMERO DE CONTROL
Identificador de número de control 000035652
003 - IDENTIFICACDOR DE NÚMERO DE CONTROL
control field DO-SdBNP
005 - DATE AND TIME OF LATEST TRANSACTION
control field 20241121085340.0
007 - CAMPOS FIJOS DE DESCRIPCIÓN FÍSICA
fixed length control field 000035652
008 - ELEMENTOS DE LONGITUD FIJA
fixed length control field 111107s2011 dr 000 0 spa d
020 ## - ISBN
International Standard Book Number 9789945473506
040 ## - FUENTE DE CATALOGACIÓN
Agencia que crea de manera original el registro BPMSU
Idioma de catalogación spa
Agencia que realiza la transcripción BPMSU
082 #4 - NÚMERO DE CLASIFICACIÓN DECIMAL DE DEWEY
Classification number 923.27293
Item number P438i 2011
Edition number 22
100 1# - ASIENTO PRINCIPAL -- NOMBRE PERSONAL
Nombre personal Pérez Pérez, Manuel Otilio
245 13 - MENCIÓN DE TITULO
Título La impronta indeleble de Tomás Bobadilla :
Subtítulo uno de los fundadores de la patria /
Mención de responsabilidad Manuel Otilio Pérez Pérez.
260 ## - PUBLICACIÓN, DISTRIBUCIÓN, ETC. (PIE DE IMPRENTA)
Lugar de publicación, distribución, etc Santo Domingo :
Nombre del editor, distribuidor, etc. Santuario,
Fecha de publicación, distribución, etc 2011.
Impresor
300 ## - DESCRIPCIÓN FÍSICA
Extensión 211 p. ;
Dimensiones 23 cm.
500 ## - NOTA GENERAL
Nota general Incluye datos biográficos del autor en la contracubierta
504 ## - NOTA DE BIBLIOGRAFÍA, ETC.
Bibliography, etc Bibliografía : p. 209-210
590 ## - NOTA LOCAL
Texto de la nota local Inventariado, 2024/VM
600 14 - ENCABEZAMIENTO DE MATERIA--NOMBRE PERSONAL
Nombre personal Bobadilla Briones, Tomás,
Fechas asociadas con el nombre 1785-1871
Subdivisión temática general Vida política
651 #4 - ENCABEZAMIENTO DE MATERIA--NOMBRE GEOGRÁFICO
Nombre geográfico República Dominicana
Subdivisión temática general Historia
Subdivisión cronológica 1844-1930
910 ## - VALIDACIÓN
Validación VMateo V. Control de calidad BPMSU
942 ## - ADDED ENTRY ELEMENTS (KOHA)
Source of classification or shelving scheme Dewey Decimal Classification
Koha item type Libros
Existencias
Withdrawn status Lost status Source of classification or shelving scheme Damaged status Not for loan Collection code Home library Current library Date acquired Total Checkouts Full call number Barcode Date last seen Price effective from Koha item type
    Dewey Decimal Classification     Colección Dominicana Biblioteca Pública Metropolitana Salomé Ureña Biblioteca Pública Metropolitana Salomé Ureña 08/03/2015   BPMSU CD 923.27293 P438i 2011 BPMSU15080025 08/03/2015 08/03/2015 Libros